LIBRARY ONLINE CATALOGUE

Nyerere on socialism. (Record no. 12815)

MARC details
000 -LEADER
fixed length control field 00475nam a22001812 4500
001 - CONTROL NUMBER
control field 0000003328
005 - DATE AND TIME OF LATEST TRANSACTION
control field 20151217155820.0
008 - FIXED-LENGTH DATA ELEMENTS--GENERAL INFORMATION
fixed length control field 070503s xx 000 0 eng d
040 ## - CATALOGING SOURCE
Original cataloging agency KABU
Transcribing agency KABU
050 #0 - LIBRARY OF CONGRESS CALL NUMBER
Classification number HX448.5
Item number .A6N94
100 1# - MAIN ENTRY--PERSONAL NAME
Personal name Nyerere, Julius K.
-- 0000148959
245 10 - TITLE STATEMENT
Title Nyerere on socialism.
260 ## - PUBLICATION, DISTRIBUTION, ETC. (IMPRINT)
Place of publication, distribution, etc. Nairobi :
Name of publisher, distributor, etc. OUP,
Date of publication, distribution, etc. 1969.
300 ## - PHYSICAL DESCRIPTION
Extent vi, 58 p.
908 ## - PUT COMMAND PARAMETER (RLIN)
Put command parameter 070503
950 ## - LOCAL HOLDINGS (RLIN)
-- 1
Holdings
Withdrawn status Lost status Source of classification or shelving scheme Not for loan Home library Current library Date acquired Total Checkouts Full call number Barcode Date last seen Price effective from Koha item type
    Library of Congress Classification   Kabarak, Main Campus Kabarak, Main Campus 17/12/2015   HX448.5 .A6N94 002786 17/12/2015 17/12/2015 Africana Collection